Πιο Μαντεμένες Χώρες στο JetPunk - Statistics

General Stats
  • This quiz has been taken 27 times
  • The average score is 17 of 20
Answer Stats
Χώρα % % Correct
Ελλάδα 95%
100%
Κίνα 88%
100%
Γερμανία 88%
100%
Ηνωμένες Πολιτείες 87%
100%
Γαλλία 89%
96%
Ισπανία 88%
96%
Τουρκία 87%
96%
Ιταλία 90%
92%
Ρωσία 89%
92%
Ινδία 86%
92%
Βραζιλία 85%
92%
Ιαπωνία 84%
92%
Καναδάς 87%
88%
Ηνωμένο Βασίλειο 84%
88%
Αυστραλία 86%
84%
Αλβανία 87%
76%
Βουλγαρία 86%
76%
Μεξικό 83%
64%
Ιρλανδία 86%
44%
Ισλανδία 83%
40%
No matching quizzes found
Score Distribution
Percent of People with Each Score
Percentile by Number Answered
Your Score History
You have not taken this quiz